|
|
|
|
| LEADER |
00000ny a22000003n 4500 |
| 005 |
20110621113320.0 |
| 008 |
100324s2009 ag s spa/d |
| 020 |
|
|
|a 9789875073197
|
| 035 |
|
|
|a 2420
|
| 040 |
|
|
|a M-ICI.
|b spa.
|c M-ICI
|d vlex
|
| 080 |
|
|
|a 339(8=60)
|
| 090 |
|
|
|c 1302
|d 1302
|
| 100 |
1 |
|
|a Pessoa Theophilo, Mariana de Paula
|
| 245 |
1 |
0 |
|a Proteccin̤ transfronteriza de las empresas
|h [Recurso electrn̤ico]
|c Mariana de Paula Pessoa Theophilo, Santiago Medina
|
| 256 |
|
|
|a Servicio en ln̕ea
|
| 260 |
|
|
|a Buenos Aires :
|b Ciudad Argentina,
|c 2009
|
| 506 |
1 |
|
|a Contenido solo disponible en los productos indicados
|d vLex Global
|d vLex Global (Academic Edition, excluding Law Schools)
|d vLex Global (U.S. Academic Edition, Law Schools)
|d vLex Global (U.S. Academic Edition, excluding Law Schools)
|d vLex Global (Academic Edition, Law Schools)
|
| 650 |
0 |
4 |
|a Economa̕
|z Amřica latina
|x Publicaciones perid̤icas
|
| 650 |
0 |
4 |
|a Integracion economica internacional
|z America Latina
|x Publicaciones perid̤icas
|
| 651 |
|
4 |
|a Amřica Latina
|x Fronteras
|x Publicaciones perid̤icas
|
| 700 |
1 |
2 |
|a Medina, Santiago
|
| 740 |
0 |
|
|a vLex Libros (Servicios en ln̕ea)
|
| 856 |
4 |
0 |
|u http://vlex.com/source/2420
|z Acceso restringido
|
| 942 |
|
|
|c BOOK
|
| 999 |
1 |
7 |
|a Integracion economica de Iberoamerica
|
| 999 |
1 |
7 |
|a Mercosur
|